Les films avec Johnny Depp - Statistiques

Statistiques générales
  • Ce quiz a été pris 52 fois
  • Le résultat moyen est 6 sur 20
Statistiques - réponses
Hint Réponse % Correct
Jack Sparrow Pirates des Caraïbes
100%
Une créature doué pour couper les cheveux Edward aux mains d'argent
84%
Un entrepreneur très gourmand Charlie et la chocolaterie
76%
Un méchant de l'univers Harry Potter Les Animaux Fantastiques
64%
Louis XV Jeanne Du Barry
36%
Un inspecteur new-yorkais qui tente de résoudre une enquête surnaturelle Sleepy Hollow
36%
Le réalisateur qualifié de plus mauvais réalisateur de tout les temps Ed Wood
31%
Un frère qui s'occupe de son frère atteint de troubles mentaux Gilbert Grape
24%
Un enquêteur qui traque Jack L'Eventreur From Hell
20%
Un libraire à la trace d'exemplaires sataniques La Neuvième Porte
20%
Un professeur de maths qui tombe amoureux d'un espionne The Tourist
20%
Un scientifique dont la conscience a été transférée dans un ordinateur Transcendance
18%
Un soldat durant la guerre du Vietnam Platoon
16%
Un journalise qui débarque à Porto Rico Rhum Express
13%
Un agent infiltré surnommé ''Le Bijoutier'' Donnie Brasco
11%
Un homme d'affaire qui voyage accompagné de son valet et de son traducteur Le Crime de l'Orient-Express
11%
L'homme qui a écrit ''Peter Pan'' Neverland
11%
Le braqueur John Dillinger Public Enemies
11%
Un vendeur de drogue qui rencontre Pablo Escobar Blow
9%
Un orphelin new-yorkais qui part rejoindre son oncle, vendeur de voitures Arizon Dream
2%
Aucun quiz correspondant
Distribution des résultats
% des personnes avec chaque résultat
Percentile par nombre de réponses
Votre historique - résultats
Vous n’avez pas pris ce quiz